000
00332nam a2200145 i 4500
001
bg
100
1
_a
LERE, Ż.
245
0
_a
Giperboliceskie differencial'nye urawnenija /
_c
Ż. Lere.
260
_a
Moskwa,
_c
1984.
040
_c
BPK
041
_a
pol
080
_a
517
942
_c
KS
008
s pl f |000 0 pol
999
_c
28222
_d
28222